Sports Quiz

Random Sports or MLB Quiz

MLB Career Ranking Showdown Quiz Stats

 Plays Quiz Updated Oct 2, 2017

Challenge
Share
Tweet
Embed
Score 0/24 Timer 10:00
12 Plays Today
% Correct
Rickey Henderson
93.8%
Hank Aaron
89.7%
Cy Young
85.6%
Mariano Rivera
83.8%
Babe Ruth
80%
Nolan Ryan
78.3%
Ty Cobb
77.3%
Ozzie Smith
69.4%
John Smoltz
69.3%
Ken Griffey, Jr.
68.3%
Walter Johnson
64.9%
Willie Mays
63.2%
% Correct
Randy Johnson
58.8%
Brooks Robinson
52.2%
Sandy Koufax
50.4%
Tom Seaver
48.5%
Cal Ripken, Jr.
48.2%
Mike Schmidt
47.9%
Ted Williams
46.7%
Greg Maddux
46.6%
Steve Carlton
45.5%
Stan Musial
44.7%
Rod Carew
41.5%
Lou Gehrig
39.7%

You're not logged in!

Compare scores with friends on all Sporcle quizzes.
Join for Free
OR
Log In

You Might Also Like...

Show Comments

Extras

Top Quizzes Today


Score Distribution

Your Account Isn't Verified!

In order to create a playlist on Sporcle, you need to verify the email address you used during registration. Go to your Sporcle Settings to finish the process.

Report this User

Report this user for behavior that violates our Community Guidelines.

Details: